| 000 | 01142nam a22003257a 4500 | ||
|---|---|---|---|
| 003 | CHAP | ||
| 005 | 20220329133912.0 | ||
| 008 | 971013s1961 r 00010 d | ||
| 010 | _a12482 | ||
| 011 | _a13454 | ||
| 035 | _a17525 | ||
| 040 | _cCHAP | ||
| 090 | _aFolleto 690 | ||
| 100 | 0 | 0 |
_aGiménez Landínez, Víctor Manuel. _948070 |
| 245 | _aPolítica de producción agropecuaria | ||
| 260 |
_aCaracas : _bMinisterio de Agricultura y Cría, _c1961 |
||
| 300 | _a80 p. | ||
| 490 |
_aMinisterio de Agricultura y Cría. Colección de estudios agrarios _v; 7 |
||
| 590 |
_aBATCH-UPD _b10 _c20130110 _lUCH01 _h0333 |
||
| 590 |
_aBATCH-UPD _b10 _c20130110 _lUCH01 _h2233 |
||
| 590 |
_aBATCH-UPD _b10 _c20130410 _lUCH01 _h0006 |
||
| 590 |
_aBATCH-UPD _b10 _c20130410 _lUCH01 _h1529 |
||
| 590 |
_aBATCH-UPD _b10 _c20130914 _lUCH01 _h1820 |
||
| 590 |
_aCONVERSION _b10 _c20130109 _lUCH01 _h1308 |
||
| 650 | 1 | 4 |
_aAgricultura _xAspectos economicos _xVenezuela. _91303 |
| 830 | 0 |
_aMinisterio de Agricultura y Cría. Colección de estudios agrarios _v; 7 _975963 |
|
| 901 | _aBK | ||
| 942 | _cFOLL | ||
| 949 |
_aFolleto 690 _bBC _cFOLL _d-41310 _eTS1 _i17525 _si |
||
| 999 |
_c12482 _d12482 |
||